<?xml version="1.0" encoding="UTF-8"?>
<record
    xmlns:xsi="http://www.w3.org/2001/XMLSchema-instance"
    xsi:schemaLocation="http://www.loc.gov/MARC21/slim http://www.loc.gov/standards/marcxml/schema/MARC21slim.xsd"
    xmlns="http://www.loc.gov/MARC21/slim">

  <leader>02635nam a2200253 a 4500</leader>
  <controlfield tag="005">20140310183523.0</controlfield>
  <controlfield tag="008">111011s19uu    xx            00    eng d</controlfield>
  <datafield tag="010" ind1=" " ind2=" ">
    <subfield code="a">2011499255</subfield>
  </datafield>
  <datafield tag="020" ind1=" " ind2=" ">
    <subfield code="a">9780240812304</subfield>
  </datafield>
  <datafield tag="050" ind1=" " ind2=" ">
    <subfield code="a">TA 1637</subfield>
    <subfield code="b">.H67 2010</subfield>
  </datafield>
  <datafield tag="100" ind1=" " ind2=" ">
    <subfield code="a">Hornung, Erica, 1969-</subfield>
  </datafield>
  <datafield tag="245" ind1=" " ind2=" ">
    <subfield code="a">The art and technique of matchmoving :</subfield>
    <subfield code="b">solutions for the VFX artist /</subfield>
    <subfield code="c">Erica Hornung.</subfield>
  </datafield>
  <datafield tag="250" ind1=" " ind2=" ">
    <subfield code="a">1st ed.</subfield>
  </datafield>
  <datafield tag="260" ind1=" " ind2=" ">
    <subfield code="a">Burlington, MA ; New York ; Oxford :</subfield>
    <subfield code="b">Focal/Elsevier,</subfield>
    <subfield code="c">2010.</subfield>
  </datafield>
  <datafield tag="300" ind1=" " ind2=" ">
    <subfield code="a">xvi, 311 p. : </subfield>
    <subfield code="b">col. ill. ;</subfield>
    <subfield code="c"> 25 cm.</subfield>
  </datafield>
  <datafield tag="500" ind1=" " ind2=" ">
    <subfield code="a">DVD-ROM contains supplemental materials including tutorial videos. System requirements: QuickTime player.  Includes index.</subfield>
  </datafield>
  <datafield tag="520" ind1=" " ind2=" ">
    <subfield code="a">Summary:	 Matchmoving has become a standard visual effects procedure for almost every situation where live action materials and CG get combined. It allows virtual and real scenes that have been composited together to seamlessly appear as though they are from the same perspective. This authoritative step-by-step guide from one of the best matchmovers in the business allows you to master this technique that has been called the foundation upon which all VFX work stands. Author Erica Hornung (sr. matchmover for Lord of the Rings: The Two Towers, Matrix: Revolutions, and more) imparts her techniques, tips, and wisdom from the trenches that will have you matchmoving like a true professional in no time. Lessons in the most popular matchmoving software (Maya, Boujou, and others) are included, as well as tips and techniques for surveying on set, dolly moves, and operating nodal cameras. Individual chapters dedicated to object and character matchmoves show you how to matchmove for shadow casting, adding weapons and other objects, focusing on center of gravity, as well as complete CG character support. The companion DVD includes Quicktime examples of techniques shown in the book, as well as project files that allow you to master these techniques yourself by working alongside the lessons featured in the text. * Master the foundational VFX technique of matchmoving with tips, techniques, tools, and workflow considerations from a seasoned professional * Companion DVD includes media project files for you to work along with the lessons in the text * Your guide for when automated tracking solutions fail, the book includes in-depth lessons on methods of set construction w/out set data, as well as rotomation and non-automated techniques.</subfield>
  </datafield>
  <datafield tag="521" ind1=" " ind2=" ">
    <subfield code="a">MA</subfield>
  </datafield>
  <datafield tag="650" ind1=" " ind2=" ">
    <subfield code="a">Image processing</subfield>
    <subfield code="x">Digital techniques</subfield>
  </datafield>
  <datafield tag="650" ind1=" " ind2=" ">
    <subfield code="a">Motion pictures</subfield>
    <subfield code="x">Editing</subfield>
  </datafield>
  <datafield tag="650" ind1=" " ind2=" ">
    <subfield code="a">Animation (Cinematography)</subfield>
  </datafield>
  <datafield tag="942" ind1=" " ind2=" ">
    <subfield code="c">BK</subfield>
    <subfield code="2">lcc</subfield>
    <subfield code="k">FOR</subfield>
  </datafield>
  <datafield tag="999" ind1=" " ind2=" ">
    <subfield code="c">24452</subfield>
    <subfield code="d">24452</subfield>
  </datafield>
  <datafield tag="952" ind1=" " ind2=" ">
    <subfield code="0">0</subfield>
    <subfield code="1">0</subfield>
    <subfield code="2">lcc</subfield>
    <subfield code="4">0</subfield>
    <subfield code="a">CL</subfield>
    <subfield code="b">CL</subfield>
    <subfield code="c">GC</subfield>
    <subfield code="d">2014-01-21</subfield>
    <subfield code="e">DONATION</subfield>
    <subfield code="l">0</subfield>
    <subfield code="o">TA 1637 .H67 2010</subfield>
    <subfield code="p">C12450</subfield>
    <subfield code="r">2018-05-15 00:00:00</subfield>
    <subfield code="t">1</subfield>
    <subfield code="w">2014-01-21</subfield>
    <subfield code="y">BK</subfield>
  </datafield>
</record>
